| 000 | 00983nam a22003017i 4500 | ||
|---|---|---|---|
| 003 | EG-GICUC | ||
| 005 | 20260211123042.0 | ||
| 008 | 260211s1986 fr ||||fr|||| 000 0 fre d | ||
| 040 |
_aEG-GiCUC _bfre _cEG-GiCUC _dEG-GiCUC _eRda |
||
| 082 | 0 | 4 |
_221 _a341.511 _bAH . N |
| 092 | 0 | 4 | _221 |
| 099 | _aLaw1 11 341.511 AH . N 1986 | ||
| 100 | 1 |
_aAhmed Abou-el-wafa _eAuteur |
|
| 245 | 1 | 3 |
_aLa Non-comparution Devant La Cour Internationale De Justice / _b _cAhmed Abou-el-wafa. _n |
| 264 | 1 |
_aParis : _bLibrairie Generale De Droit Et De Jurisprudence, _c1986. |
|
| 300 |
_a223page : _billustration ; _c 24 cm. |
||
| 336 |
_2rda contenu _a texte |
||
| 337 |
_2rda medias _aOrdinateur |
||
| 338 |
_2 transporteur rda _a Ressource en ligne |
||
| 500 | _a | ||
| 504 | _a | ||
| 546 | _aTexte en français | ||
| 650 | 1 | 4 |
_aDroit international public _2 |
| 651 | 1 | _2 | |
| 856 | 4 | 0 | _uhttps://fll.law.cu.edu.eg/fulltext/bks/B11-07549.pdf |
| 905 | _a50 | ||
| 942 |
_2ddc _cBK _e21 _n0 |
||
| 999 |
_c62574 _d62574 |
||